Irish sign language. A cognitive linguistic approach
Enregistré dans:
| Auteur principal: | |
|---|---|
| Autres auteurs: | |
| Format: | Livre |
| Langue: | anglais |
| Publié: |
Edinburgh, Scotland
Edinburgh University Press
2012
|
| Sujets: | |
| Tags: |
Ajouter un tag
Pas de tags, Soyez le premier à ajouter un tag!
|
MARC
| LEADER | 00000cam a2200000 a 4500 | ||
|---|---|---|---|
| 001 | UCC9783 | ||
| 003 | CL-VaPUC | ||
| 005 | 20210527180350.0 | ||
| 008 | 191111e20120000uk eng d | ||
| 999 | |c 1694 |d 1694 | ||
| 020 | |a 9780748638239 | ||
| 040 | |c Pontificia Universidad Católica de Valparaíso | ||
| 082 | 0 | 4 | |a 419.415 LEE 2012 |2 21 |
| 100 | |a Leeson, Lorraine |e autora |9 605106 | ||
| 245 | 1 | 0 | |a Irish sign language. |b A cognitive linguistic approach |
| 260 | |a Edinburgh, Scotland |b Edinburgh University Press |c 2012 | ||
| 300 | |a 244 páginas | ||
| 500 | |a Incluye CD con anexos | ||
| 505 | |g Incluye CD con anexos | ||
| 583 | |a last modification |c 20191111 01:17:00 |k cmena | ||
| 650 | 0 | 0 | |a Lenguaje de señas |2 CL-VaPUC |9 467152 |
| 650 | 0 | 0 | |a Comunicación no verbal |9 270761 |
| 700 | |a Saeed, John I. |e autor |9 605107 | ||
| 852 | |a BIBCUR | ||
| 942 | |c BK |2 ddc | ||
| 945 | |a dcastane |d 20191111 01:17:00 | ||
| 952 | |0 0 |1 0 |3 erd |4 0 |6 419_415000000000000_LEE_2012 |7 0 |8 A |9 495364 |a BIBEDU |b BIBEDU |d 2019-10-11 |e 1 |g 132424.00 |i 5564301 |o 419.415 LEE 2012 |p 5564301 |r 2020-01-06 |v 132424.00 |w 2020-01-06 |y BK |z Catalogado en:20191111 |k LIT | ||